LEADER 01246nam a2200253 i 4500 001 000000187569 003 CaOOAMICUS 005 20100319000000.0 008 100319s2009 it u000 u ita u 013 $a165660 020 $a978-88-380-0266-3 040 $aSeMil$bita 110 2 $aFondazione Giangiacomo Feltrinelli .$0(OLS)http://semarc/name/6551 245 10$aFondazione Giangiacomo Feltrinelli :$b1949-2009 a 60 anni dalla nascita del suo progetto /$cContributi di Antonio Cassese ... [et al.]. 260 $aMilano :$bFondazione Giangiacomo Feltrinelli,$c2009. 300 $a123 p. :$bill. ;$c22 cm. 650 4$aFondazione Giangiacomo Feltrinelli - Storia.$0(OLS)http://semarc/subject/25912 700 1 $aCassese, Antonio <1937-2011>.$0(OLS)http://semarc/name/52733 850 $aSeMil 852 $aSeMil$W1$xVenegono$y1$m3O III 7$j138256$B138256$CSeMilBibl$Z2$F150383 $81 961 $aOmaggio: Braccini Annamaria 996 $6020$a978-88-380-0266-3$9(OLS)http://semarc/number/177997 996 $6245$aFondazione Giangiacomo Feltrinelli :$b1949-2009 a 60 anni dalla nascita del suo progetto$9(OLS)http://semarc/title/269865 996 $6260$aMilano :$bFondazione Giangiacomo Feltrinelli$9(OLS)http://semarc/publisher/30947 LEADER 01199nam a2200253 i 4500 001 000000072407 003 CaOOAMICUS 005 20090320000000.0 008 090320s1951 be u000 u fre u 013 $a43579 040 $aSeMil$bita 100 1 $aCayré, Fulbert,$c.$0(OLS)http://semarc/name/5669 245 10$aDieu présent dans la vie de l'esprit /$cpar Fulbert Cayré. 260 $aBruges :$bDesclée de Brouwer,$cc1951. 490 0 $aBibliothèque augustinienne 490 0 $aBibliothèque augustinienne. Études. Philosophie ;$v2. Existence de Dieu 600 04$aAgostino, Aurelio .$0(OLS)http://semarc/subject/1856 650 4$aDio - Esistenza.$0(OLS)http://semarc/subject/4187 830 0$aBibliothèque augustinienne.$0(OLS)http://semarc/title/571 830 0$aBibliothèque augustinienne. Études. Philosophie ;$v2. Existence de Dieu.$0(OLS)http://semarc/title/27662 850 $aSeMil 852 $aSeMil$W1$xVenegono$y1$m2Q I 244$j38560$B38560$CSeMilBibl$Z2$F38563 $81 996 $6245$aDieu présent dans la vie de l'esprit$9(OLS)http://semarc/title/116706 996 $6260$aBruges :$bDesclée de Brouwer$9(OLS)http://semarc/publisher/29840